000 00655nam a2200193 i 4500
001 23079
003 ES-MaACL
005 20250910194745.0
007 t|
008 021209s1919 sp ||||1| spa d
100 1 _aAlvarado y Albó, Juan,
_d1865-1914
_920606
245 1 0 _aColección de cantares de boda recogida en el Valle de Laciana, Babia y alto Bierzo /
_cpor Juan Alvarado y Albo.
260 _aLeón :
_b[s.n.],
_c1919 (Imp. de La Democracia)
300 _a57 p. ;
_c23 cm.
650 4 _aRitos y ceremonias nupciales-
_zLeón (Provincia)
_9154248
651 7 _a
_2
_9242240
852 _aES-MaACL
_j1625-F-22
999 _c23079
_d23079